| 000 | 01178nam a22002897a 4500 | ||
|---|---|---|---|
| 005 | 2013010107077.0 | ||
| 008 | 121226t xxu||||| |||| 00| 0 hin d | ||
| 010 | _aHIN-97835 | ||
| 020 |
_c300.00 _a9789380823584 |
||
| 035 | _aHN-70181 | ||
| 037 | _bDBAD / PUB | ||
| 040 |
_aDPL _bHN |
||
| 082 | _a230.1 | ||
| 100 |
_927482 _aपाठक, हिमांशु |
||
| 245 |
_aनीति और राम चरित / _cहिमांशु पाठक |
||
| 246 |
_aNeeti aur Ramcharit _bby Himanshu Pathak |
||
| 260 |
_bप्रतिभा प्रतिष्ठान _c2012 _aनई दिल्ली |
||
| 270 |
_a1661, दखनीराय स्ट्रीट, नेताजी सुभाष मार्ग _bनई दिल्ली _e110002 |
||
| 300 | 1 |
_a248पृ. _c22सेमी (सजिल्द) |
|
| 650 | _91170 | ||
| 650 | _954593 | ||
| 700 | _927483 | ||
| 710 | _952094 | ||
| 711 | _952444 | ||
| 942 |
_adpl _cHN _2ddc _mपाठक _h230.1 |
||
| 999 |
_c72573 _d72573 |
||